00539nam a22001937a 450000500170000001000130001702000230003003500130005303700160006604000120008208200150009410000120010924500610012126000520018227000350023430000290026965000260029865000210032420170124110127.0 aB-079317 a0754118681c160.00 aB-079317 bCen Lib/Ret aDPLbEN a910.4bSUK aSukirat aA time to remember :cby Sukiratbmy years in Russia / aMiddlesex UKbBrunel Academic Publishers c2001 a29, New BroadwaybMiddlesex UK a151p. :c19cm(pbk)bill. aMothers and daughters aThanksgiving Day